| 000 | 00567nam a2200217Ia 4500 | ||
|---|---|---|---|
| 003 | OSt | ||
| 005 | 20220928135723.0 | ||
| 006 | a|||||r|||| 00| 0 | ||
| 007 | ta | ||
| 008 | 220927b |||||||| |||| 00| 0 eng d | ||
| 024 | _a4654 | ||
| 037 | _cTextual | ||
| 040 |
_aSDCL _cSDCL _beng |
||
| 041 |
_2eng _aeng |
||
| 082 | _aX:54.20k436, L5 | ||
| 100 |
_aVerghese S K _9392537 |
||
| 245 | 0 | _aTrade and economic prospects of India with Indonesia | |
| 260 | _c1975 | ||
| 942 |
_hX:54.20k436, L5 _cTEXL _2CC |
||
| 999 |
_c808288 _d808288 |
||